书目信息 |
| 题名: |
微量元素地球化学原理
|
|
| 作者: | 赵振华 著 | |
| 分册: | ||
| 出版信息: | 北京 科学出版社 2016.03 |
|
| 页数: | 534页 | |
| 开本: | 30cm | |
| 丛书名: | ||
| 单 册: | ||
| 中图分类: | P595 | |
| 科图分类: | ||
| 主题词: | 微量元素--元素地球化学 | |
| 电子资源: | ||
| ISBN: | 978-7-03-047496-4 | |
| 000 | 00966nam0 2200241 450 | |
| 001 | 4669 | |
| 005 | 20181015085616.25 | |
| 010 | @a978-7-03-047496-4@b精装@dCNY258.00 | |
| 100 | @a20160420d2016 em y0chiy50 ea | |
| 101 | 0 | @achi |
| 102 | @aCN@b110000 | |
| 105 | @aafk az 000yy | |
| 200 | 1 | @a微量元素地球化学原理@9wei liang yuan su di qiu hua xue yuan li@b专著@f赵振华著 |
| 205 | @a2版 | |
| 210 | @a北京@c科学出版社@d2016.03 | |
| 215 | @a534页@c图@d30cm | |
| 320 | @a有书目(第444-534页) | |
| 330 | @a本书以地球化学过程中的物理化学理论为基础,系统论述微量元素作为地球化学示踪剂,在各种成岩作用的定量理论模型及成岩、成矿作用的物理、化学条件(如温度、压力、氧逸度、盐度等),成岩成矿物质来源识别及构造背景判别,地球主要圈层(地壳、地幔)间相互作用,地球历史中的地壳、地幔地球化学演化规律等研究中的应用。 | |
| 606 | 0 | @a微量元素@x元素地球化学 |
| 690 | @aP595@v5 | |
| 701 | 0 | @a赵振华@9zhao zhen hua@4著 |
| 801 | 0 | @aCN@b91MARC@c20160613 |
| 905 | @aMuseLib@dP595@e135=2 | |
| 微量元素地球化学原理/赵振华著.-2版.-北京:科学出版社,2016.03 |
| 534页:图;30cm |
| ISBN 978-7-03-047496-4(精装):CNY258.00 |
| 本书以地球化学过程中的物理化学理论为基础,系统论述微量元素作为地球化学示踪剂,在各种成岩作用的定量理论模型及成岩、成矿作用的物理、化学条件(如温度、压力、氧逸度、盐度等),成岩成矿物质来源识别及构造背景判别,地球主要圈层(地壳、地幔)间相互作用,地球历史中的地壳、地幔地球化学演化规律等研究中的应用。 |
| ● |
| 相关链接 |
|
|
|
|
正题名:微量元素地球化学原理
索取号:P595/135=2
 
预约/预借
| 序号 | 登录号 | 条形码 | 馆藏地/架位号 | 状态 | 备注 |
| 1 | 1126173 | 211261739 | 第二样本阅览室/ [索取号:P595/135=2] | 在馆 | |
| 2 | 1126174 | 211261748 | 第三借阅区/ [索取号:P595/135=2] | 在馆 |